000 00899nam a22002297a 4500
003 OSt
005 20121211161959.0
008 121211t xxu||||| |||| 00| 0 eng d
040 _aAIU Library - Kenya
_cAIU Library - Kenya
_dAIU Library - Kenya
050 1 4 _aP306
_b.T73 1993
245 _aTraducere Navem :
_b Festschrift für Katharina Reiss zum 70. Geburtstag /
_cJusta Holz-Mänttäri und Christiane Nord (Hrsg.).
260 _aTampere :
_bTampereen yliopisto,
_c1993.
300 _avii, 466 p. :
_bill. ;
_c25 cm.
440 0 _aStudia translatologica.
_nSer. A ;
_vvol. 3
_919793
504 _aIncludes bibliographical references.
546 _aEssays in German, English, French, and Spanish.
650 0 0 _aTranslating and interpreting.
_9137
700 1 _aHolz-Mänttäri, Justa.
_919794
700 1 _aNord, Christiane.
_912736
700 1 _aReiss, Katharina.
_919795
942 _2lcc
_cBK
999 _c55643
_d55617